Medical Vocabulary #16 - Statistics

General Stats
  • This quiz has been taken 252 times
  • The average score is 17 of 25
Answer Stats
Hint Answer % Correct
Someone who treats disease by manipulation and adjustment of body structures, often the spine. chiropractor
87%
A procedure to see inside the large intestine, using a long, lighted flexible tube mounted with a tiny camera. colonoscopy
85%
Low blood pressure. hypotension
84%
The basic building block of all living organisms. cell
83%
A brain disorder that causes movement problems, including shaking, difficulty walking, and rigidity in muscles. Parkinson's disease
81%
A process in which oxygen combines with a substance, altering its structure and changing or destroying its normal function. oxidation
77%
A neurotransmitter that helps regulate sleep and appetite, mediate moods, and inhibit pain. serotonin
77%
A substance released by the immune system when it is exposed to an allergen, and the cause of many allergy symptoms. histamine
75%
The part of the brain (in the frontal lobe of the left hemisphere) responsible for language comprehension and speech. Broca's area
74%
The wasting away of an organ or tissue due to undernourishment, disease, or aging. atrophy
73%
A substance found in citrus fruits. d-limonene
73%
Talking in one’s sleep. somniloquy
73%
Twisted strands of proteins that are found inside the dead or dying nerve cells of people with Alzheimer's disease. neurofibrillary tangles
72%
Pain and swelling of the small fluid filled pads that act as cushions in or near the joints. bursitis
71%
A buildup of fatty tissue. lipohypertrophy
68%
The surgical removal of a lesion or part or all of an organ or other body structure. resection
67%
A substance such as tobacco, wood smoke, perfumes, and others that cause allergy-like symptoms, although the response is not an allergic reaction. irritant
66%
A piece of a herniated disc that has become detached from the main structure of the disc. free fragment
63%
Slow brain activity that occurs when a person is in deep sleep. delta waves
62%
An autoimmune disease that causes the thyroid gland to produce too much thyroid hormone. It is usually accompanied by an enlarged thyroid gland and swollen, bulging, red eyes that appear to stare, as well as occasional double vision and vision loss. Graves’ disease
62%
Any ingredient in a medicinal product (herb, supplement, or prescription drug), which dilutes the purity of the product and does not contribute to its therapeutic effects. adulterant
56%
Related to or arising from a disease of the intestinal tract, esp. the small intestine enteropathic
56%
An illness caused by a fluid imbalance in the inner ear. Ménière’s disease
50%
Heart disease caused by a lack of selenium, an element that the body needs to function properly. Keshan disease
42%
A drooping of the eyelid attributed to weakened muscles. ptosis
40%
No matching quizzes found
Score Distribution
Percent of People with Each Score
Percentile by Number Answered
Your Score History
You have not taken this quiz